000 00693nam a2200289Ia 4500
005 20260324144300.0
008 008 260324s9999 xx 000 0 eng d
020 _a9780203038772
037 _aEBOOK
040 _aCRL
040 _beng
040 _cCRL
041 _2eng
041 _aeng
084 _qCRL
100 _aWolfram Eberhard
_91186554
245 0 _aDictionary of Chinese Symbols
245 0 _bHidden Symbols in Chinese Life and Thought
260 _bTaylor and Francis
260 _c1988
365 _a
365 _b230
856 _uhttp://www.taylorfrancis.com/books/9780203038772
942 _cEBOOK
999 _c1825171
_d1825171